|
|
|
|
| LEADER |
00000cam a2200000 a 4500 |
| 001 |
vtls001105248 |
| 003 |
SK-MaSNL |
| 005 |
20260301001343.0 |
| 008 |
240318s1976 xo e n 00000 slo |
| 015 |
|
|
|a SNBA1976
|
| 035 |
|
|
|a SNK000048090
|
| 040 |
|
|
|a SNK
|b slo
|c SNK
|e AACR2
|
| 041 |
0 |
|
|a slo
|
| 044 |
|
|
|a xo
|c SK
|
| 080 |
|
|
|a 681.52(075.8)
|2 1981
|
| 080 |
|
|
|a 378
|2 1981
|
| 100 |
1 |
|
|a NEUSL, Štefan
|4 aut
|9 279534
|
| 245 |
1 |
0 |
|a Riadiace počítače
|c Štefan Neuschl, Helena Šalamonová
|
| 250 |
|
|
|a 1. vyd.- 2. dotl.
|
| 260 |
|
|
|a Bratislava
|b Slovenská vysoká škola technická
|c 1976
|
| 300 |
|
|
|a 201 s.
|b sch., tab.
|c 29 cm
|
| 366 |
|
|
|e 150 výt.
|
| 504 |
|
|
|a Bibliogr. odkazy
|
| 650 |
0 |
7 |
|a operačné systémy
|2 SNKPH
|9 2069
|
| 650 |
0 |
7 |
|a počítače
|2 SNKPH
|9 2027
|
| 650 |
0 |
7 |
|a automatizované systémy riadenia
|2 SNKPH
|9 28612
|
| 655 |
|
7 |
|a učebnice vysokých škôl
|2 SNKPH
|9 70191
|
| 700 |
1 |
|
|a Šalamonová, Helena
|4 aut
|9 279535
|
| 958 |
|
|
|a OND
|
| 958 |
|
|
|a RM
|
| 958 |
|
|
|a UV
|
| 958 |
|
|
|a NB
|
| 999 |
|
|
|c 534723
|d 536653
|
| 952 |
|
|
|a SNK
|b SNK
|y PREZ
|7 0
|p 17A0942701
|o snkSB 24707
|i snkKSP 1416/77
|0 0
|1 0
|4 0
|d 2014-06-20
|f 1
|l 0
|r 2026-02-23 12:21:41
|w 2026-02-23
|
| 952 |
|
|
|a SNK
|b SNK
|y VYP
|7 0
|o snkSB 24707 D1
|i snkKSP 1417/77
|0 0
|1 0
|4 0
|d 2014-06-20
|l 0
|r 2026-02-23 12:21:41
|w 2026-02-23
|